000 00636nam a22002057a 4500
005 20240530110930.0
008 220214s2006 ua g 000 p ara d
017 _bمصر. دار الكتب
_a2006/3311
020 _a9773561909
040 _aEG-CaGPL
_cEG-CaGPL
082 0 4 _221
_a811.062/
_bأ ع
100 0 _aاحمد تيمور
245 1 0 _aالعمريات :
_bتسابيح شعرية /
_cاحمد تيمور
250 _aط. 1
260 _aالجيزة :
_bهلا للنشر والتوزيع،
_c2006
300 _a110 ص. ؛
_c20 سم
650 0 7 _2qrmak
_aالشعر العربى
651 _2qrmak
942 _2ddc
_cBK
999 _c66637
_d66637